[Event "V Miedzynarodowy Tur. Szachowy im. Jana "]
[Site "Lublin"]
[Date "2013.??.??"]
[Round "4.6"]
[White "Krasowski, Piotr"]
[Black "Szczepaniak, Lukasz"]
[Result "0-1"]
[WhiteElo "1830"]
[BlackElo "2009"]
[PlyCount "66"]
[EventDate "2013.??.??"]

1. d4 f5 2. Bf4 Nf6 3. e3 g6 4. Nf3 Bg7 5. h4 d6 6. Bc4 h6 7. Nc3 e6 8. Qe2 Qe7
9. O-O-O Nbd7 10. e4 fxe4 11. Nxe4 Nh5 12. Bd2 d5 13. Bg5 hxg5 14. Nexg5 Nf4
15. Qe3 Nxg2 16. Qxe6 Qxe6 17. Nxe6 dxc4 18. Rhg1 Bh6+ 19. Kb1 Nf4 20. Nxc7+
Kd8 21. Nxa8 b5 22. Ne5 Nxe5 23. dxe5+ Bd7 24. e6 Nxe6 25. Rxg6 Kc8 26. Rf6 Rh7
27. a4 bxa4 28. Rd6 Bf4 29. Rdxe6 Bxe6 30. Rxe6 Kb7 31. Re4 Rxh4 32. Rxc4 a3
33. bxa3 Kxa8 0-1

[Event "V Miedzynarodowy Tur. Szachowy im. Jana "]
[Site "Lublin"]
[Date "2013.??.??"]
[Round "4.7"]
[White "Chwalewski, Marek"]
[Black "Fraczek, Weronika"]
[Result "1-0"]
[WhiteElo "1950"]
[BlackElo "1516"]
[PlyCount "78"]
[EventDate "2013.??.??"]

1. Nf3 d5 2. d4 Nf6 3. Bf4 e6 4. e3 c5 5. Bb5+ Bd7 6. Bxd7+ Nbxd7 7. O-O Be7 8.
dxc5 Nxc5 9. Nc3 O-O 10. Nd4 a6 11. h3 Qb6 12. Rb1 Rac8 13. Bh2 Nfe4 14. Nce2
Rfd8 15. c3 Bf6 16. a4 e5 17. a5 Qxa5 18. b4 Qa4 19. bxc5 Qxd1 20. Rfxd1 exd4
21. cxd4 Rd7 22. Rb3 Nxc5 23. dxc5 Rxc5 24. Nd4 Bxd4 25. exd4 Rc6 26. Bf4 b5
27. Ra1 Rb7 28. Bd2 f6 29. Bb4 Rc4 30. Bc5 Kf7 31. Rxa6 Rc1+ 32. Kh2 Rc2 33.
Kg3 h5 34. Ra7 Rxa7 35. Bxa7 Rc7 36. Bb6 Rb7 37. Rxb5 g5 38. Rb4 Ke6 39. Bc5
Rd7 1-0

[Event "V Miedzynarodowy Tur. Szachowy im. Jana "]
[Site "Lublin"]
[Date "2013.??.??"]
[Round "4.8"]
[White "Siedlanowski, Lukasz"]
[Black "Flisiak, Piotr"]
[Result "1/2-1/2"]
[WhiteElo "1924"]
[BlackElo "1704"]
[PlyCount "35"]
[EventDate "2013.??.??"]

1. f4 Nf6 2. Nf3 d6 3. g3 g6 4. Bg2 Bg7 5. O-O O-O 6. Nc3 Re8 7. d4 d5 8. Nh4
e6 9. b4 Nc6 10. Rb1 Nxd4 11. Qxd4 Ne4 12. Qd3 Nxc3 13. Rb3 Na4 14. Rd1 c6 15.
Nf3 Qe7 16. c4 dxc4 17. Qxc4 a5 18. Rb1 1/2-1/2

[Event "V Miedzynarodowy Tur. Szachowy im. Jana "]
[Site "Lublin"]
[Date "2013.??.??"]
[Round "4.10"]
[White "Starczewski, Dominik"]
[Black "Modrzejewski, Tymoteusz"]
[Result "1-0"]
[WhiteElo "1585"]
[BlackElo "1551"]
[PlyCount "35"]
[EventDate "2013.??.??"]

1. Nf3 d5 2. d4 Nf6 3. c4 c6 4. g3 e6 5. Bg2 b6 6. O-O Bb7 7. Ne5 Nbd7 8. Bg5
Be7 9. Nd2 Nxe5 10. dxe5 Nd7 11. Bf4 Qc7 12. cxd5 cxd5 13. Rc1 Qb8 14. Qa4 Qd8
15. e4 O-O 16. exd5 Bxd5 17. Bxd5 Nc5 18. Rxc5 1-0

[Event "V Miedzynarodowy Tur. Szachowy im. Jana "]
[Site "Lublin"]
[Date "2013.??.??"]
[Round "4.12"]
[White "Pszczola, Szymon"]
[Black "Topolan, Pawel"]
[Result "1/2-1/2"]
[WhiteElo "1234"]
[BlackElo "1415"]
[PlyCount "70"]
[EventDate "2013.??.??"]

1. e4 e5 2. Nf3 Nc6 3. Bb5 d6 4. c3 Nf6 5. d3 a6 6. Ba4 b5 7. Bb3 Na5 8. Bc2 c5
9. O-O Be7 10. h3 O-O 11. Be3 Nc6 12. Nbd2 d5 13. d4 exd4 14. cxd4 c4 15. e5
Nd7 16. a3 b4 17. axb4 Nxb4 18. Re1 Nb6 19. Nf1 Bd7 20. Ng3 Nxc2 21. Qxc2 Ba4
22. Rxa4 Nxa4 23. Qxa4 a5 24. Qc2 h6 25. Ra1 Qb6 26. Nf5 Bb4 27. Bd2 Bxd2 28.
Qxd2 a4 29. Qc2 Qb3 30. Qxb3 axb3 31. Rb1 Ra7 32. Ne3 Ra5 33. Nd1 Rfa8 34. Nc3
Kf8 35. Kh2 Ke7 1/2-1/2

[Event "V Miedzynarodowy Tur. Szachowy im. Jana "]
[Site "Lublin"]
[Date "2013.??.??"]
[Round "5.1"]
[White "Barski, Radoslaw"]
[Black "Stoma, Pawel"]
[Result "1/2-1/2"]
[WhiteElo "2247"]
[BlackElo "2311"]
[PlyCount "57"]
[EventDate "2013.??.??"]

1. e4 c6 2. d4 d5 3. e5 Bf5 4. Nf3 e6 5. Be2 c5 6. Be3 Nd7 7. O-O Ne7 8. dxc5
Nc6 9. Nd4 Nxd4 10. Bxd4 Bxc5 11. Bxc5 Nxc5 12. Bb5+ Nd7 13. Nd2 O-O 14. Bxd7
Qxd7 15. Nb3 Qc7 16. Qd4 Qxc2 17. Rac1 Qe2 18. Rc7 Rac8 19. Rxb7 Rc4 20. Qe3
Qxb2 21. Na5 Rb4 22. Rxb4 Qxb4 23. Nc6 Qa4 24. Qc5 g6 25. Ne7+ Kg7 26. Nxf5+
exf5 27. Qxd5 Qe4 28. Qa5 Rc8 29. Qxa7 1/2-1/2

[Event "V Miedzynarodowy Tur. Szachowy im. Jana "]
[Site "Lublin"]
[Date "2013.??.??"]
[Round "5.2"]
[White "Polkowski, Piotr"]
[Black "Bien, Janusz"]
[Result "1-0"]
[WhiteElo "2182"]
[BlackElo "1972"]
[PlyCount "81"]
[EventDate "2013.??.??"]

1. d4 d6 2. e4 e5 3. dxe5 dxe5 4. Qxd8+ Kxd8 5. Bc4 f6 6. Nc3 c6 7. Be3 Kc7 8.
O-O-O Bb4 9. f4 Ne7 10. Nf3 Ng6 11. f5 Nf8 12. a3 Be7 13. g4 Nbd7 14. g5 g6 15.
gxf6 Bxf6 16. Ng5 Bxg5 17. Bxg5 b5 18. Ba2 h6 19. Be7 Rh7 20. Bd6+ Kb6 21. Rhg1
g5 22. h4 gxh4 23. Rh1 Bb7 24. Rxh4 h5 25. Rdh1 Rh6 26. Be7 Re8 27. Bg5 Rd6 28.
Rxh5 a5 29. Rh6 Rxh6 30. Rxh6 Kc7 31. Bf7 Ra8 32. Be7 Kb8 33. Kd2 Kc7 34. Ke3
Ba6 35. Rxc6+ Kxc6 36. Bd5+ Kc7 37. Bxa8 Nh7 38. Nd5+ Kc8 39. Bc6 Nhf8 40. Bd6
Kd8 41. Bc7+ 1-0

[Event "V Miedzynarodowy Tur. Szachowy im. Jana "]
[Site "Lublin"]
[Date "2013.??.??"]
[Round "5.3"]
[White "Krzyzanowski, Wojciech"]
[Black "Praszak, Michal"]
[Result "0-1"]
[WhiteElo "1955"]
[BlackElo "2118"]
[PlyCount "88"]
[EventDate "2013.??.??"]

1. d4 d5 2. c4 dxc4 3. Nc3 Nf6 4. e3 Be6 5. Nf3 Nc6 6. Ng5 Bg4 7. Bxc4 e6 8. f3
Bh5 9. O-O Bd6 10. Nge4 Nxe4 11. Nxe4 Be7 12. Ng3 Bg6 13. Ne2 Qd6 14. Bd2 a6
15. a3 O-O 16. Nf4 Nxd4 17. Bb4 c5 18. Nxg6 hxg6 19. Bxc5 Nxf3+ 20. Qxf3 Qxc5
21. Qxb7 Qxe3+ 22. Kh1 Bf6 23. Rae1 Qc5 24. Rc1 Qh5 25. b3 Be5 26. h3 Bd6 27.
Rxf7 Qe5 28. g3 Rxf7 29. Qxa8+ Kh7 30. Qg2 Qe3 31. Rd1 Rf2 32. Rxd6 Rxg2 33.
Kxg2 Qe4+ 34. Kg1 e5 35. Bd3 Qe3+ 36. Kg2 e4 37. Bc4 Qf3+ 38. Kh2 Qf2+ 39. Kh1
Qxg3 40. Rxa6 Qxh3+ 41. Kg1 Qg3+ 42. Kf1 e3 43. Ke2 Qf2+ 44. Kd3 e2 0-1

[Event "V Miedzynarodowy Tur. Szachowy im. Jana "]
[Site "Lublin"]
[Date "2013.??.??"]
[Round "5.4"]
[White "Szczepaniak, Lukasz"]
[Black "Chwalewski, Marek"]
[Result "1-0"]
[WhiteElo "2009"]
[BlackElo "1950"]
[PlyCount "65"]
[EventDate "2013.??.??"]

1. e4 c6 2. d4 d5 3. f3 h5 4. Nc3 g6 5. Be3 Bh6 6. Bxh6 Nxh6 7. Qd2 a5 8. O-O-O
b5 9. Kb1 e6 10. Nh3 b4 11. Na4 Nd7 12. Qf4 Ra7 13. Bd3 Qc7 14. Qe3 Ba6 15.
exd5 cxd5 16. Bxg6 Qc6 17. Ng5 O-O 18. Bh7+ Kg7 19. b3 Bb5 20. Bd3 Bxa4 21.
bxa4 Nf5 22. Qf4 f6 23. Nxe6+ Qxe6 24. Bxf5 Qf7 25. g4 Nb6 26. gxh5 Qxh5 27.
Rhg1+ Kh8 28. Rg4 Nxa4 29. Rh4 Nc3+ 30. Ka1 Rh7 31. Rxh5 Rxh5 32. Rg1 Ne2 33.
Qd6 1-0

[Event "V Miedzynarodowy Tur. Szachowy im. Jana "]
[Site "Lublin"]
[Date "2013.??.??"]
[Round "5.5"]
[White "Berlin, Tatiana"]
[Black "Pikulinski, Janusz"]
[Result "1-0"]
[WhiteElo "2152"]
[BlackElo "1894"]
[PlyCount "79"]
[EventDate "2013.??.??"]

1. e4 e5 2. Nf3 Nc6 3. Bb5 a6 4. Ba4 Nf6 5. Qe2 d6 6. h3 Be7 7. c3 b5 8. Bc2
O-O 9. a4 Rb8 10. axb5 axb5 11. b4 d5 12. d3 d4 13. Bd2 dxc3 14. Bxc3 Bxb4 15.
Bxb4 Nxb4 16. O-O Re8 17. Na3 c5 18. Rfd1 h6 19. Bb3 Be6 20. Bxe6 Rxe6 21. Nc2
Nxc2 22. Qxc2 Qb6 23. Rdc1 Nd7 24. Nd2 Rc6 25. Rcb1 Qc7 26. Qa2 Nf8 27. Nf1 Ne6
28. Ne3 Nf4 29. Rb3 Rd6 30. g3 Nxh3+ 31. Kg2 Ng5 32. Nf5 Rd7 33. Qa6 Qb7 34.
Nxh6+ gxh6 35. Qxh6 Ne6 36. Rh1 f6 37. Qh8+ Kf7 38. Rh7+ Kg6 39. Rh6+ Kg5 40.
Qxf6+ 1-0

[Event "V Miedzynarodowy Tur. Szachowy im. Jana "]
[Site "Lublin"]
[Date "2013.??.??"]
[Round "5.6"]
[White "Starczewski, Dominik"]
[Black "Kaluszynski, Andrzej"]
[Result "1-0"]
[WhiteElo "1585"]
[BlackElo "1876"]
[PlyCount "57"]
[EventDate "2013.??.??"]

1. d4 Nf6 2. c4 e6 3. g3 d5 4. Nf3 Be7 5. Bg2 O-O 6. O-O dxc4 7. Qc2 Nbd7 8.
Qxc4 c6 9. Nbd2 Nb6 10. Qc2 Qd6 11. e4 Qc7 12. Nb3 Na4 13. Bf4 Qd8 14. Rfd1 Bd7
15. Nc5 Nxc5 16. dxc5 Qa5 17. Bd6 Rfe8 18. a3 Bxd6 19. b4 Qc7 20. cxd6 Qb6 21.
Ne5 Rec8 22. Qc5 Qd8 23. Nc4 h6 24. Qd4 Qe8 25. Rac1 Kf8 26. Na5 b6 27. Nc4
Rab8 28. Ne5 Qd8 29. Bf1 1-0

[Event "V Miedzynarodowy Tur. Szachowy im. Jana "]
[Site "Lublin"]
[Date "2013.??.??"]
[Round "5.8"]
[White "Fraczek, Weronika"]
[Black "Siedlanowski, Lukasz"]
[Result "0-1"]
[WhiteElo "1516"]
[BlackElo "1924"]
[PlyCount "68"]
[EventDate "2013.??.??"]

1. e4 g6 2. d4 Bg7 3. Nf3 c6 4. Bd3 d5 5. exd5 cxd5 6. c3 Nc6 7. Bf4 Nf6 8. h3
O-O 9. O-O Nh5 10. Qd2 Nxf4 11. Qxf4 f6 12. Qh4 e5 13. dxe5 fxe5 14. Qxd8 Nxd8
15. Bc2 Ne6 16. Bb3 Nf4 17. Nbd2 Kh8 18. Ne1 b6 19. c4 Ba6 20. Kh2 Rac8 21. g3
dxc4 22. Nxc4 Bxc4 23. Bxc4 Rxc4 24. gxf4 exf4 25. Rb1 Rd8 26. b3 Rc3 27. Kg2
Rd2 28. a4 h6 29. h4 Bf6 30. Rh1 Bd4 31. Rf1 Rg3+ 32. Kh2 Bxf2 33. Kh1 Be3 34.
Rf2 Rxf2 0-1

[Event "V Miedzynarodowy Tur. Szachowy im. Jana "]
[Site "Lublin"]
[Date "2013.??.??"]
[Round "5.9"]
[White "Flisiak, Piotr"]
[Black "Krasowski, Piotr"]
[Result "1/2-1/2"]
[WhiteElo "1704"]
[BlackElo "1830"]
[PlyCount "69"]
[EventDate "2013.??.??"]

1. c4 g6 2. Nc3 Bg7 3. Nf3 f5 4. g3 d6 5. Bg2 c5 6. O-O Nc6 7. d3 Nf6 8. Rb1
O-O 9. a3 e5 10. e3 h6 11. b4 cxb4 12. axb4 Be6 13. b5 Ne7 14. Nd2 Qc8 15. Ba3
Ne8 16. Ne2 Rb8 17. Qa4 Qd8 18. Rfc1 f4 19. exf4 Bg4 20. f3 Bf5 21. Ne4 exf4
22. Nxf4 Bd4+ 23. Kh1 Be3 24. Rf1 Bxf4 25. gxf4 b6 26. Qb3 Kh7 27. Rbc1 Ng8 28.
Qb4 Rf7 29. Rf2 Qh4 30. Qd2 Ngf6 31. Bxd6 Nxe4 32. fxe4 Nxd6 33. exf5 Nxf5 34.
Bd5 Rff8 35. Kg1 1/2-1/2

[Event "V Miedzynarodowy Tur. Szachowy im. Jana "]
[Site "Lublin"]
[Date "2013.??.??"]
[Round "5.11"]
[White "Paluch, Andrzej"]
[Black "Pszczola, Szymon"]
[Result "0-1"]
[WhiteElo "1548"]
[BlackElo "1234"]
[PlyCount "70"]
[EventDate "2013.??.??"]

1. d4 Nf6 2. c4 e6 3. g3 c5 4. Nf3 g6 5. Bg2 Bg7 6. O-O O-O 7. Nc3 d6 8. Be3
cxd4 9. Nxd4 a6 10. Qd2 Qc7 11. b3 Nc6 12. Nc2 Rd8 13. Rad1 b6 14. Na4 Rb8 15.
Bg5 b5 16. cxb5 Rxb5 17. Nc3 Rb8 18. Qf4 e5 19. Qf3 Bf5 20. Nd5 Nxd5 21. Bxd8
Rxd8 22. Qxd5 Bxc2 23. Rc1 Nd4 24. Rfe1 Rc8 25. e3 Nb5 26. Qd2 Qc3 27. Re2 Qxd2
28. Rxd2 Na3 29. Be4 Bh6 30. Bxc2 Kg7 31. Kf1 f6 32. Ke1 d5 33. Kd1 d4 34. Re2
Rd8 35. Bxg6 dxe3+ 0-1

[Event "V Miedzynarodowy Tur. Szachowy im. Jana "]
[Site "Lublin"]
[Date "2013.??.??"]
[Round "6.1"]
[White "Praszak, Michal"]
[Black "Stoma, Pawel"]
[Result "1/2-1/2"]
[WhiteElo "2118"]
[BlackElo "2311"]
[PlyCount "46"]
[EventDate "2013.??.??"]

1. d4 c6 2. c4 d6 3. Nf3 Nd7 4. Nc3 Ngf6 5. Rb1 e5 6. e4 a6 7. a4 a5 8. Be2 Be7
9. O-O O-O 10. Re1 Re8 11. h3 Bf8 12. Bf1 exd4 13. Nxd4 Nc5 14. f3 g6 15. Be3
d5 16. cxd5 cxd5 17. Bb5 Ncd7 18. exd5 Bc5 19. Bf2 Rxe1+ 20. Qxe1 Nb6 21. Ne4
Bb4 22. Nxf6+ Qxf6 23. Qe8+ Bf8 1/2-1/2

[Event "V Miedzynarodowy Tur. Szachowy im. Jana "]
[Site "Lublin"]
[Date "2013.??.??"]
[Round "6.2"]
[White "Polkowski, Piotr"]
[Black "Szczepaniak, Lukasz"]
[Result "1/2-1/2"]
[WhiteElo "2182"]
[BlackElo "2009"]
[PlyCount "108"]
[EventDate "2013.??.??"]

1. e4 e5 2. Nf3 Nc6 3. d4 exd4 4. Nxd4 Bc5 5. Nxc6 Qf6 6. Qf3 Qxf3 7. gxf3 bxc6
8. Nc3 Ne7 9. Na4 Bd6 10. Be3 Ng6 11. O-O-O Bf4 12. Nc5 d6 13. Nd3 Bxe3+ 14.
fxe3 a5 15. Rg1 O-O 16. Rg3 Re8 17. Be2 Ne5 18. Rdg1 Nxd3+ 19. Bxd3 g6 20. Bc4
Be6 21. Bxe6 Rxe6 22. Kd2 Rb8 23. Rg5 c5 24. Kc3 h6 25. Rd5 Kf8 26. Rgd1 Ke7
27. e5 f6 28. exd6+ cxd6 29. e4 Rb6 30. b3 Re5 31. a3 Ke6 32. Kc4 h5 33. c3 f5
34. exf5+ Rxf5 35. Rxf5 Kxf5 36. b4 axb4 37. axb4 cxb4 38. cxb4 Kf4 39. Rd3 g5
40. b5 g4 41. fxg4 hxg4 42. Kb4 Ke4 43. Rg3 Kf4 44. Ka5 Rb8 45. b6 Rh8 46. Rg2
Kf3 47. Rb2 d5 48. b7 d4 49. Rb3+ Ke2 50. Rb2+ Ke3 51. b8=Q Rxb8 52. Rxb8 d3
53. Re8+ Kf2 54. Rd8 Ke2 1/2-1/2

[Event "V Miedzynarodowy Tur. Szachowy im. Jana "]
[Site "Lublin"]
[Date "2013.??.??"]
[Round "6.3"]
[White "Berlin, Tatiana"]
[Black "Barski, Radoslaw"]
[Result "0-1"]
[WhiteElo "2152"]
[BlackElo "2247"]
[PlyCount "80"]
[EventDate "2013.??.??"]

1. e4 c5 2. Nc3 a6 3. Nf3 d6 4. d4 cxd4 5. Nxd4 Nf6 6. Be2 e6 7. O-O Be7 8. f4
Qc7 9. f5 e5 10. Nb3 b5 11. a3 Bb7 12. Bf3 Nbd7 13. Kh1 Rc8 14. Qe1 Nb6 15. Qg3
Kf8 16. Nd2 h5 17. Re1 h4 18. Qf2 d5 19. exd5 Nbxd5 20. Nxd5 Nxd5 21. Nf1 h3
22. c3 Bc5 23. Qg3 Nf4 24. Bxf4 exf4 25. Qg4 Bf2 26. Re2 Rh4 27. Qg5 f6 28. Qg6
Bxf3 29. gxf3 Bc5 30. Rae1 Qf7 31. Re6 Qxg6 32. fxg6 Rh6 33. Nd2 Rxg6 34. Ne4
Be3 35. Rxa6 Rg2 36. b3 Kg8 37. Rd1 f5 38. Nd6 Rxc3 39. Nxf5 Rcc2 40. Nxe3 fxe3
0-1

[Event "V Miedzynarodowy Tur. Szachowy im. Jana "]
[Site "Lublin"]
[Date "2013.??.??"]
[Round "6.5"]
[White "Krzyzanowski, Wojciech"]
[Black "Starczewski, Dominik"]
[Result "1-0"]
[WhiteElo "1955"]
[BlackElo "1585"]
[PlyCount "67"]
[EventDate "2013.??.??"]

1. d4 Nf6 2. c4 e6 3. Nc3 Bb4 4. f3 d5 5. a3 Bxc3+ 6. bxc3 O-O 7. e3 Nbd7 8.
cxd5 exd5 9. Bd3 Re8 10. Ne2 c5 11. O-O Qc7 12. Ng3 h5 13. Re1 Nf8 14. Ra2 Bd7
15. e4 h4 16. Nf1 dxe4 17. fxe4 Bg4 18. Qd2 h3 19. e5 Nd5 20. c4 Nb6 21. Qf4 f5
22. Qg3 cxd4 23. gxh3 Bh5 24. Bxf5 Rad8 25. Rg2 Ne6 26. Bh6 Rd7 27. Qh4 Bf3 28.
Rg3 Qd8 29. Qxd8 Rdxd8 30. Bxe6+ Rxe6 31. Bg5 Rf8 32. Nd2 Bc6 33. c5 Nd7 34.
Nb3 1-0

[Event "V Miedzynarodowy Tur. Szachowy im. Jana "]
[Site "Lublin"]
[Date "2013.??.??"]
[Round "6.7"]
[White "Siedlanowski, Lukasz"]
[Black "Krasowski, Piotr"]
[Result "0-1"]
[WhiteElo "1924"]
[BlackElo "1830"]
[PlyCount "68"]
[EventDate "2013.??.??"]

1. Nf3 Nf6 2. d4 g6 3. g3 Bg7 4. Bg2 c5 5. c3 cxd4 6. cxd4 d5 7. Nc3 O-O 8. O-O
Nc6 9. Ne5 Bf5 10. e3 Nb4 11. a3 Nc6 12. Qb3 Na5 13. Qa2 Rc8 14. Bd2 e6 15. b4
Nc6 16. Nxc6 Rxc6 17. b5 Rc7 18. f3 Bd3 19. Rfc1 Nd7 20. a4 Qe7 21. Nd1 Rfc8
22. Nb2 Bc2 23. Bf1 Qf6 24. Kg2 Bf8 25. a5 Qf5 26. g4 Qg5 27. Nd3 h5 28. Nc5
hxg4 29. f4 Qh4 30. Rxc2 b6 31. axb6 axb6 32. Kg1 bxc5 33. Be2 Qf6 34. Rac1 c4
0-1

[Event "V Miedzynarodowy Tur. Szachowy im. Jana "]
[Site "Lublin"]
[Date "2013.??.??"]
[Round "6.8"]
[White "Pszczola, Szymon"]
[Black "Pikulinski, Janusz"]
[Result "0-1"]
[WhiteElo "1234"]
[BlackElo "1894"]
[PlyCount "62"]
[EventDate "2013.??.??"]

1. e4 e5 2. Nf3 Nc6 3. Bb5 a6 4. Ba4 Nf6 5. d3 d6 6. c3 b5 7. Bc2 Be7 8. O-O
O-O 9. Be3 Bg4 10. h3 Bh5 11. Nbd2 d5 12. d4 exd4 13. cxd4 dxe4 14. Nxe4 Bg6
15. Nxf6+ Bxf6 16. Bxg6 hxg6 17. Rc1 Nb4 18. a3 Nd5 19. Re1 Qd6 20. Qd2 Rac8
21. Red1 Rfe8 22. b4 Red8 23. Qd3 Nb6 24. Qc2 Nc4 25. Qb3 Re8 26. Rd3 Rcd8 27.
Nd2 Nb6 28. Nf3 Rd7 29. Rcd1 Rde7 30. Qc2 Nc4 31. Qb3 c6 0-1

[Event "V Miedzynarodowy Tur. Szachowy im. Jana "]
[Site "Lublin"]
[Date "2013.??.??"]
[Round "6.9"]
[White "Kaluszynski, Andrzej"]
[Black "Fiala, Lukasz"]
[Result "1-0"]
[WhiteElo "1876"]
[BlackElo "1603"]
[PlyCount "61"]
[EventDate "2013.??.??"]

1. c4 Nf6 2. Nf3 g6 3. Nc3 Bg7 4. e4 d6 5. d4 O-O 6. Be2 Na6 7. h3 e5 8. dxe5
dxe5 9. Be3 Qxd1+ 10. Rxd1 Nb4 11. Bc5 Nc2+ 12. Kd2 Nd4 13. Bxf8 Kxf8 14. Ke1
Nh5 15. g3 Be6 16. b3 c6 17. Kf1 Nf6 18. Nxe5 Nxe2 19. Kxe2 Nh5 20. Nd7+ Ke7
21. Nc5 Bxc3 22. Nxb7 Bb4 23. a3 Bxa3 24. Na5 Rc8 25. Ra1 Bb4 26. Ra4 c5 27.
Nb7 Rc7 28. Na5 Nf6 29. Ke3 Nh5 30. g4 Ng7 31. Rd1 1-0

[Event "V Miedzynarodowy Tur. Szachowy im. Jana "]
[Site "Lublin"]
[Date "2013.??.??"]
[Round "6.10"]
[White "Flisiak, Piotr"]
[Black "Topolan, Pawel"]
[Result "1-0"]
[WhiteElo "1704"]
[BlackElo "1415"]
[PlyCount "57"]
[EventDate "2013.??.??"]

1. c4 e5 2. Nc3 Nf6 3. Nf3 Nc6 4. g3 d5 5. cxd5 Nxd5 6. d3 f6 7. Bg2 Be6 8. O-O
Qd7 9. Bd2 O-O-O 10. Rc1 g5 11. a3 h5 12. h4 Bh3 13. Nxd5 Bxg2 14. Kxg2 Qxd5
15. hxg5 fxg5 16. Bxg5 Be7 17. Bxe7 Nxe7 18. Qc2 c6 19. Qc4 Qxc4 20. Rxc4 Ng6
21. Nh4 Nxh4+ 22. Rxh4 Rd5 23. Rfh1 Rb5 24. b4 a5 25. bxa5 Rxa5 26. a4 Kd7 27.
Rc4 Kd6 28. Rhh4 c5 29. g4 1-0

[Event "V Miedzynarodowy Tur. Szachowy im. Jana "]
[Site "Lublin"]
[Date "2013.??.??"]
[Round "6.11"]
[White "Modrzejewski, Tymoteusz"]
[Black "Fraczek, Weronika"]
[Result "0-1"]
[WhiteElo "1551"]
[BlackElo "1516"]
[PlyCount "20"]
[EventDate "2013.??.??"]

1. e4 e6 2. f4 d5 3. e5 c5 4. Nf3 Nc6 5. Be2 Nh6 6. c3 Qb6 7. a3 c4 8. d4 cxd3
9. Qxd3 Ng4 10. b4 Nf2 0-1

[Event "V Miedzynarodowy Tur. Szachowy im. Jana "]
[Site "Lublin"]
[Date "2013.??.??"]
[Round "7.1"]
[White "Stoma, Pawel"]
[Black "Bien, Janusz"]
[Result "1-0"]
[WhiteElo "2311"]
[BlackElo "1972"]
[PlyCount "35"]
[EventDate "2013.??.??"]

1. e4 e6 2. d4 d5 3. exd5 exd5 4. Nf3 Nf6 5. Bd3 Bg4 6. O-O Be7 7. h3 Bh5 8.
Bg5 O-O 9. c3 Nbd7 10. Nbd2 c5 11. Re1 Re8 12. Qc2 Rc8 13. dxc5 Nxc5 14. Bxf6
Bxf6 15. Bxh7+ Kh8 16. Rxe8+ Qxe8 17. Re1 Qa4 18. Qf5 1-0

[Event "V Miedzynarodowy Tur. Szachowy im. Jana "]
[Site "Lublin"]
[Date "2013.??.??"]
[Round "7.2"]
[White "Barski, Radoslaw"]
[Black "Polkowski, Piotr"]
[Result "1-0"]
[WhiteElo "2247"]
[BlackElo "2182"]
[PlyCount "79"]
[EventDate "2013.??.??"]

1. e4 e5 2. Nf3 Nf6 3. Nxe5 d6 4. Nf3 Nxe4 5. Nc3 Nxc3 6. dxc3 Be7 7. Be3 Nc6
8. Qd2 Be6 9. O-O-O Qd7 10. Kb1 a6 11. h4 h6 12. Nd4 Nxd4 13. cxd4 d5 14. f3
O-O-O 15. Qa5 Qc6 16. Rd3 Rd6 17. Bf4 Qb6 18. Qd2 Rc6 19. Rb3 Qa7 20. h5 Bf6
21. c3 Rb6 22. Rxb6 Qxb6 23. Bd3 Re8 24. g4 Bd7 25. Rg1 Be7 26. Qc1 Qc6 27. Bd2
Qf6 28. f4 Qh4 29. Qd1 Bd6 30. Qf3 c6 31. Kc1 Qf6 32. f5 Qe7 33. f6 Qxf6 34.
Qxf6 gxf6 35. Bxh6 Rg8 36. Bd2 Rxg4 37. Rh1 Bf8 38. h6 f5 39. h7 Bg7 40. h8=Q+
1-0

[Event "V Miedzynarodowy Tur. Szachowy im. Jana "]
[Site "Lublin"]
[Date "2013.??.??"]
[Round "7.3"]
[White "Szczepaniak, Lukasz"]
[Black "Praszak, Michal"]
[Result "0-1"]
[WhiteElo "2009"]
[BlackElo "2118"]
[PlyCount "80"]
[EventDate "2013.??.??"]

1. e4 c5 2. Nf3 d6 3. c3 Nf6 4. Bd3 g6 5. O-O Bg7 6. Bc2 O-O 7. d4 cxd4 8. cxd4
Bg4 9. Nc3 Nc6 10. Be3 e5 11. d5 Nd4 12. Bxd4 exd4 13. Qxd4 Bxf3 14. gxf3 Nh5
15. Qe3 Qh4 16. Ne2 Be5 17. Ng3 Nf4 18. Kh1 Nh3 19. Bd3 Rac8 20. Rfd1 Qf6 21.
Bf1 Nf4 22. Qxa7 h5 23. Qe3 Rc2 24. Rd2 Rfc8 25. Bd3 Rc1+ 26. Rd1 Rxa1 27. Rxa1
Bxb2 28. Rd1 Be5 29. Bf1 Rc3 30. Qb6 h4 31. Kg1 hxg3 32. hxg3 Nh5 33. f4 Bxf4
34. gxf4 Nxf4 35. Qd4 Qg5+ 36. Kh2 Qh4+ 37. Kg1 Qg4+ 38. Kh2 Rh3+ 39. Bxh3
Qxh3+ 40. Kg1 Qg2# 0-1

[Event "V Miedzynarodowy Tur. Szachowy im. Jana "]
[Site "Lublin"]
[Date "2013.??.??"]
[Round "7.4"]
[White "Chwalewski, Marek"]
[Black "Krzyzanowski, Wojciech"]
[Result "0-1"]
[WhiteElo "1950"]
[BlackElo "1955"]
[PlyCount "67"]
[EventDate "2013.??.??"]

1. Nf3 d5 2. d4 Nf6 3. Bg5 e6 4. e3 c5 5. Nc3 a6 6. a4 Be7 7. Be2 O-O 8. dxc5
Bxc5 9. h4 Nbd7 10. g4 Qa5 11. Nd2 Bb4 12. Bxf6 Nxf6 13. g5 Bxc3 14. bxc3 Nd7
15. Ra3 Nc5 16. Bd3 Nxd3+ 17. cxd3 Bd7 18. h5 Rac8 19. Qa1 e5 20. Rg1 Be6 21.
Ke2 f5 22. gxf6 Rxf6 23. Rb3 Rf7 24. Rg5 Rcf8 25. f3 d4 26. c4 h6 27. Rg3 b5
28. exd4 bxc4 29. dxc4 exd4 30. Qxd4 Rd8 31. Qe3 Qxh5 32. Kf2 Qh2+ 33. Rg2 Qf4
34. Rb2 0-1

[Event "V Miedzynarodowy Tur. Szachowy im. Jana "]
[Site "Lublin"]
[Date "2013.??.??"]
[Round "7.6"]
[White "Pikulinski, Janusz"]
[Black "Flisiak, Piotr"]
[Result "1-0"]
[WhiteElo "1894"]
[BlackElo "1704"]
[PlyCount "63"]
[EventDate "2013.??.??"]

1. Nf3 Nf6 2. d4 e6 3. Bg5 Be7 4. c4 c5 5. e3 O-O 6. Nc3 d6 7. Be2 Nc6 8. O-O
b6 9. Qb3 Bb7 10. Rfd1 cxd4 11. Nxd4 Nxd4 12. Rxd4 h6 13. Bh4 e5 14. Rd2 Ne4
15. Nxe4 Bxe4 16. Bxe7 Qxe7 17. Rad1 Rfd8 18. Qa3 Rac8 19. Rxd6 Rxd6 20. Qxd6
Qg5 21. Bf1 Kh7 22. b3 Rc6 23. Qd8 Qxd8 24. Rxd8 Bb1 25. Bd3+ Bxd3 26. Rxd3 Rc7
27. Rd5 f6 28. e4 Kg6 29. Kf1 Kf7 30. Ke2 Ke6 31. Kd3 Ke7 32. b4 1-0

[Event "V Miedzynarodowy Tur. Szachowy im. Jana "]
[Site "Lublin"]
[Date "2013.??.??"]
[Round "7.7"]
[White "Krasowski, Piotr"]
[Black "Kaluszynski, Andrzej"]
[Result "0-1"]
[WhiteElo "1830"]
[BlackElo "1876"]
[PlyCount "96"]
[EventDate "2013.??.??"]

1. d4 Nf6 2. Bf4 e6 3. e3 d5 4. Nf3 Nbd7 5. Nbd2 Be7 6. h3 O-O 7. Bd3 c5 8. c3
b6 9. O-O Bb7 10. Ne5 Nxe5 11. dxe5 Ne4 12. Nf3 h6 13. Nh2 Bg5 14. Rc1 c4 15.
Bb1 Bxf4 16. exf4 f5 17. Nf3 Qe8 18. Nd4 g6 19. Qe1 Kh7 20. f3 Nc5 21. Qh4 Qd8
22. Qf2 Qe7 23. Rcd1 Rac8 24. Rd2 Bc6 25. Kh2 Bd7 26. Rg1 Rg8 27. Qe1 Nb7 28.
g3 Na5 29. g4 Nc6 30. Nb5 Rcf8 31. Nd6 Nd8 32. Rdg2 Nf7 33. gxf5 gxf5 34. Nxf7
Qxf7 35. Qh4 Rxg2+ 36. Rxg2 Rg8 37. Rxg8 Qxg8 38. Qe7+ Qg7 39. Qd6 Qf7 40. Bc2
Kg7 41. b3 cxb3 42. axb3 Bb5 43. Kg3 Qd7 44. Qb4 a5 45. Qd4 Qc6 46. Kh4 Qc5 47.
Kg3 Qxd4 48. cxd4 Kf8 0-1

[Event "V Miedzynarodowy Tur. Szachowy im. Jana "]
[Site "Lublin"]
[Date "2013.??.??"]
[Round "7.11"]
[White "Fiala, Lukasz"]
[Black "Modrzejewski, Tymoteusz"]
[Result "1-0"]
[WhiteElo "1603"]
[BlackElo "1551"]
[PlyCount "74"]
[EventDate "2013.??.??"]

1. e4 c5 2. Nc3 Nc6 3. g3 d6 4. Bg2 e6 5. Nf3 Qb6 6. O-O Nf6 7. d3 Be7 8. Kh1
O-O 9. Nh4 e5 10. h3 Be6 11. f4 exf4 12. Nd5 Bxd5 13. exd5 Ne5 14. Nf5 Bd8 15.
Bxf4 g6 16. Ne3 Nh5 17. Bxe5 dxe5 18. Qf3 Qf6 19. Qg4 Qg5 20. Qxg5 Bxg5 21. Rf3
f5 22. Nc4 e4 23. dxe4 fxe4 24. Rxf8+ Rxf8 25. g4 Ng3+ 26. Kg1 Ne2+ 27. Kh2 Rf2
28. Rf1 Bf4+ 29. Kh1 e3 30. Re1 b5 31. Na5 Ng3+ 32. Kg1 Rxc2 33. Nb7 c4 34. d6
Rd2 35. Bc6 Rf2 36. d7 Ne2+ 37. Rxe2 Rxe2 1-0

[Event "V Miedzynarodowy Tur. Szachowy im. Jana "]
[Site "Lublin"]
[Date "2013.??.??"]
[Round "7.12"]
[White "Chlewinski, Artur"]
[Black "Paluch, Andrzej"]
[Result "1-0"]
[WhiteElo "1696"]
[BlackElo "1548"]
[PlyCount "41"]
[EventDate "2013.??.??"]

1. d4 Nf6 2. Nf3 e6 3. g3 d5 4. Bg2 c5 5. dxc5 Bxc5 6. Bg5 Qb6 7. O-O Ne4 8. e3
h6 9. Bf4 g5 10. Be5 O-O 11. b3 Bd7 12. c4 Bc6 13. Nd4 Nd7 14. Nxc6 bxc6 15.
Bxe4 Nxe5 16. Bc2 dxc4 17. bxc4 Nxc4 18. Qd3 f5 19. Bb3 Ne5 20. Bxe6+ Nf7 21.
Qxf5 1-0